Realschülerinnen absolvieren eine kaufmännische Lehre

Článok prináša informácie o Zürich Business School, ktorá uskutočňuje experiment so 4-ročným obchodným vzdelávaním od r. 1994. Pripravuje žiakov reálnych škôl a tiež aj sekundárnych škôl. Uplatnenie žiakov na trhu práce.

Bibliographic Details
Main Author: Kaufmann, Susan (Author)
Format: Article
Language:German
Subjects:

MARC

LEADER 00000cab a2200000 a 4500
001 vtls001506272
003 SK-MaSNL
005 20260426093940.0
008 050227c1999 xo hr 0 0b0ger
035 |a SPKCL8599 
040 |a SPKCL  |b slo  |c SNKBUCL  |d ÚIP-SPK(DP)  |e AACR2 
041 0 |a ger 
044 |a xo  |c SK 
080 |a 377.36:33  |2 1981 
100 1 |a Kaufmann, Susan  |4 aut  |9 474446 
245 1 0 |a Realschülerinnen absolvieren eine kaufmännische Lehre  |c Susan Kaufmann 
520 |a Článok prináša informácie o Zürich Business School, ktorá uskutočňuje experiment so 4-ročným obchodným vzdelávaním od r. 1994. Pripravuje žiakov reálnych škôl a tiež aj sekundárnych škôl. Uplatnenie žiakov na trhu práce. 
650 0 7 |a obchodné vzdelávanie  |2 SNKPH  |9 1072796 
650 0 7 |a odborné školstvo  |2 SNKPH  |9 71371 
650 0 7 |a odborné vzdelanie  |2 SNKPH  |9 1080559 
650 0 7 |a vzdelávanie  |2 SNKPH  |9 4033 
651 7 |a Švajčiarsko  |2 snkbucl  |9 20143 
655 7 |a články  |2 SNKPH  |9 70601 
773 1 |t Panorama, č. 2 s. 36-37 
850 |a Slovenská pedagogická knižnica Bratislava 
852 |a SPKCL  |b KIS3GCP  |b 000710000  |n SK 
999 |c 3120576  |d 3122506